[Event "Abe Yanofsky mem."]
[Site "Winnipeg CAN"]
[Date "2004.09.04"]
[Round "2"]
[White "Gannon, Keith"]
[Black "Cleto, Sam"]
[Result "0-1"]
[WhiteElo "1580"]
[BlackElo "1873"]
[PlyCount "72"]
[GameId "2160767911069438"]
[EventDate "2004.09.04"]
[EventType "swiss"]
[EventRounds "6"]
[EventCountry "CAN"]

1. e4 b6 2. d4 Bb7 3. Nc3 e6 4. Nf3 Bb4 5. Bd3 h6 6. Bd2 Nf6 7. e5 Nd5 8. Nxd5 Bxd2+ 9. Qxd2 Bxd5 10. Be2 Nc6 11. O-O Ne7 12. c4 Bb7 13. b4 Rb8 14. b5 O-O 15. a4 c6 16. Rfd1 Nf5 17. bxc6 dxc6 18. Qc3 Qc7 19. a5 Rfd8 20. axb6 axb6 21. Ra3 Ra8 22. Rxa8 Rxa8 23. g4 Ne7 24. h3 c5 25. dxc5 bxc5 26. Qd3 Ng6 27. Qd6 Qa5 28. Kh2 Nf4 29. Ng1 Qc3 30. Qc7 Be4 31. Rd8+ Rxd8 32. Qxd8+ Kh7 33. Qd1 Nxe2 34. Nxe2 Qf3 35. Qf1 Bd3 36. Ng1 Qf4+ 0-1

[Event "Abe Yanofsky mem."]
[Site "Winnipeg CAN"]
[Date "2004.09.04"]
[Round "2"]
[White "Greenberg, Harley"]
[Black "Boron, Anthony"]
[Result "0-1"]
[WhiteElo "1781"]
[BlackElo "1984"]
[PlyCount "76"]
[GameId "2160767911069439"]
[EventDate "2004.09.04"]
[EventType "swiss"]
[EventRounds "6"]
[EventCountry "CAN"]

1. d4 Nf6 2. c4 e6 3. g3 d5 4. Bg2 Bb4+ 5. Bd2 Be7 6. Nf3 Nc6 7. Bc3 O-O 8. Nbd2 a6 9. O-O dxc4 10. Nxc4 b5 11. Nfe5 Nxe5 12. Nxe5 Nd5 13. a4 Bb7 14. axb5 axb5 15. Ba5 Qd6 16. Qc2 Bd8 17. Rfc1 c6 18. b4 Nxb4 19. Bxb4 Qxb4 20. Bxc6 Rxa1 21. Rxa1 Qxd4 22. Rb1 Qxe5 23. Rxb5 Qa1+ 24. Rb1 Qxb1+ 25. Qxb1 Bxc6 26. Qc2 Bd5 27. e4 Ba8 28. Qa4 Bf6 29. f4 e5 30. Kf2 g5 31. Qb5 gxf4 32. gxf4 exf4 33. Qf5 Bd4+ 34. Kf1 Bg7 35. e5 f3 36. Kf2 Bc6 37. Qg5 h6 38. Qd2 Rb8 0-1

[Event "Abe Yanofsky mem."]
[Site "Winnipeg CAN"]
[Date "2004.09.04"]
[Round "2"]
[White "Hinds, Ronald"]
[Black "Geley, Shawn"]
[Result "1/2-1/2"]
[WhiteElo "1953"]
[BlackElo "1506"]
[PlyCount "44"]
[GameId "2160767911069440"]
[EventDate "2004.09.04"]
[EventType "swiss"]
[EventRounds "6"]
[EventCountry "CAN"]

1. e4 e5 2. Nf3 Nc6 3. d4 exd4 4. Nxd4 Bc5 5. Nxc6 Qf6 6. Qd2 dxc6 7. Nc3 Bd7 8. Bd3 O-O-O 9. O-O Ne7 10. Kh1 Rhe8 11. Na4 Bd4 12. c3 c5 13. cxd4 Bxa4 14. Qa5 Qxd4 15. Qxa7 Nc6 16. Qa8+ Nb8 17. Be2 Rxe4 18. Be3 Qd6 19. Bf3 Rb4 20. b3 Bd7 21. Rac1 Qa6 22. Qxa6 Nxa6 1/2-1/2

[Event "Abe Yanofsky mem."]
[Site "Winnipeg CAN"]
[Date "2004.09.04"]
[Round "2"]
[White "Jarmasz, Mark"]
[Black "McTavish, David"]
[Result "1-0"]
[WhiteElo "1915"]
[BlackElo "2207"]
[PlyCount "103"]
[GameId "2160767911069441"]
[EventDate "2004.09.04"]
[EventType "swiss"]
[EventRounds "6"]
[EventCountry "CAN"]

1. e4 c5 2. Nf3 d6 3. d4 cxd4 4. Nxd4 Nf6 5. Nc3 a6 6. Be2 e5 7. Nb3 Be7 8. Be3 Be6 9. O-O O-O 10. f3 Nbd7 11. Qe1 Qc7 12. Qf2 b5 13. Bd3 Rfc8 14. h3 b4 15. Ne2 a5 16. f4 a4 17. Nd2 exf4 18. Nxf4 Ne5 19. Nxe6 fxe6 20. Rac1 Nh5 21. g4 Rf8 22. Qg2 Nf6 23. Be2 Nfd7 24. g5 Rxf1+ 25. Qxf1 d5 26. exd5 exd5 27. Qg2 Qc6 28. Nf3 Nc4 29. Nd4 Qd6 30. Bxc4 Ra5 31. Bd3 g6 32. Rf1 Bf8 33. Qg4 Bg7 34. b3 axb3 35. axb3 Ra8 36. Nb5 Qe7 37. Qf3 Kh8 38. Bd2 Qe6 39. Qe3 Be5 40. Nc7 Qg8 41. Nxa8 Qxa8 42. Bxb4 Qe8 43. Qf3 Qd8 44. Bd2 Bd4+ 45. Kg2 Bg7 46. Qxd5 Qc8 47. Rf7 Ne5 48. Ra7 Nc6 49. Ra6 Nb8 50. Ra8 Qc7 51. Bc4 Qc8 52. Bf4 1-0

[Event "Abe Yanofsky mem."]
[Site "Winnipeg CAN"]
[Date "2004.09.04"]
[Round "2"]
[White "Katona, John"]
[Black "Clark, Robert"]
[Result "1-0"]
[WhiteElo "1792"]
[BlackElo "1583"]
[PlyCount "33"]
[GameId "2160767911069442"]
[EventDate "2004.09.04"]
[EventType "swiss"]
[EventRounds "6"]
[EventCountry "CAN"]

1. e4 c5 2. c3 d5 3. exd5 Qxd5 4. d4 cxd4 5. cxd4 Nc6 6. Nf3 Bg4 7. Nc3 Qd8 8. d5 Bxf3 9. gxf3 Nb8 10. Bf4 a6 11. Qb3 b5 12. a4 bxa4 13. Qxa4+ Nd7 14. Nb5 Rc8 15. Na7 Rc5 16. Be3 Rxd5 17. Rc1 1-0

[Event "Abe Yanofsky mem."]
[Site "Winnipeg CAN"]
[Date "2004.09.04"]
[Round "2"]
[White "Klokow, John"]
[Black "Nikouline, Alexandre"]
[Result "0-1"]
[WhiteElo "1732"]
[BlackElo "2000"]
[PlyCount "88"]
[GameId "2160767911069443"]
[EventDate "2004.09.04"]
[EventType "swiss"]
[EventRounds "6"]
[EventCountry "CAN"]

1. e4 e5 2. Nf3 Nc6 3. Bb5 a6 4. Ba4 Nf6 5. O-O Be7 6. Re1 b5 7. Bb3 O-O 8. a4 Na5 9. c3 d6 10. axb5 axb5 11. Bc2 Bb7 12. d3 c5 13. Nbd2 Re8 14. Nf1 Bf8 15. Ng3 g6 16. Bg5 h6 17. Bd2 Nc6 18. Rxa8 Bxa8 19. Bb3 Na5 20. Bc2 Bb7 21. Qe2 c4 22. d4 exd4 23. cxd4 Nxe4 24. Nxe4 Bxe4 25. d5 Re7 26. Bxe4 f5 27. Qd1 fxe4 28. Nd4 Bg7 29. Ne6 Qb6 30. Rxe4 Nb3 31. Be3 Qa5 32. g3 Qa1 33. Qxa1 Nxa1 34. Bd4 Bxd4 35. Rxd4 Nc2 36. Rd2 Nb4 37. Nd4 Rb7 38. Nc6 Na6 39. f4 Nc5 40. Re2 Nd3 41. Kg2 b4 42. Kf3 Nxb2 43. Rxb2 c3 44. Rb3 c2 0-1

[Event "Abe Yanofsky mem."]
[Site "Winnipeg CAN"]
[Date "2004.09.04"]
[Round "2"]
[White "Lafreniere, Adrian"]
[Black "Hughey, Micah"]
[Result "0-1"]
[WhiteElo "1782"]
[BlackElo "2012"]
[PlyCount "104"]
[GameId "2160767911069444"]
[EventDate "2004.09.04"]
[EventType "swiss"]
[EventRounds "6"]
[EventCountry "CAN"]

1. e4 e5 2. Nf3 Nc6 3. d4 exd4 4. Nxd4 Nf6 5. Nxc6 bxc6 6. Bd3 d5 7. e5 Ng4 8. Bf4 Bc5 9. Bg3 f6 10. h3 Nh6 11. O-O O-O 12. Nc3 fxe5 13. Bxe5 Bxh3 14. Qh5 Bg4 15. Qh2 Bd6 16. Rae1 Re8 17. Qg3 Qe7 18. Bf4 Qxe1 19. Rxe1 Rxe1+ 20. Kh2 Bxf4 21. Qxf4 Re7 22. f3 Be6 23. Na4 Nf7 24. Qh4 Rae8 25. Bxh7+ Kf8 26. Nc5 Bc8 27. Bg6 Rd8 28. Kg1 Rd6 29. Bxf7 Kxf7 30. Qh5+ Kg8 31. Nd3 Rf6 32. Kf2 Ba6 33. Ne5 Bc8 34. Ng6 Re8 35. Qh8+ Kf7 36. Ne5+ Rxe5 37. Qxc8 Re7 38. Qa6 Rfe6 39. a4 c5 40. Qd3 c6 41. g4 c4 42. Qf5+ Rf6 43. Qh5+ Kg8 44. g5 Rf5 45. Qg6 Ref7 46. Ke3 c5 47. Qh5 Rxf3+ 48. Qxf3 Rxf3+ 49. Kxf3 Kf7 50. Kf4 d4 51. Ke4 Kg6 52. b3 d3 0-1

[Event "Abe Yanofsky mem."]
[Site "Winnipeg CAN"]
[Date "2004.09.04"]
[Round "2"]
[White "Lipnowski, Samuel"]
[Black "Zhou, Lu"]
[Result "1-0"]
[WhiteElo "2126"]
[BlackElo "1807"]
[PlyCount "67"]
[GameId "2160767911069445"]
[EventDate "2004.09.04"]
[EventType "swiss"]
[EventRounds "6"]
[EventCountry "CAN"]

1. e4 e5 2. Nf3 Nc6 3. Bc4 Nf6 4. d3 Bc5 5. O-O d6 6. c3 Bg4 7. b4 Bb6 8. a4 a6 9. a5 Ba7 10. Nbd2 O-O 11. Re1 h6 12. h3 Bh5 13. Nf1 Qe7 14. Ng3 Bxf3 15. Qxf3 Nh7 16. Nf5 Qf6 17. Qg4 Kh8 18. Be3 Ne7 19. Nxe7 Bxe3 20. Rxe3 Qxe7 21. Rg3 Ng5 22. Rf1 c6 23. f4 exf4 24. Rxf4 Rad8 25. Kh2 d5 26. exd5 cxd5 27. Ba2 Qe6 28. h4 Qxg4 29. Rgxg4 Ne6 30. Rf5 Nc7 31. h5 Nb5 32. Bxd5 Nxc3 33. Bxb7 Nd1 34. Rgf4 1-0

[Event "Abe Yanofsky mem."]
[Site "Winnipeg CAN"]
[Date "2004.09.04"]
[Round "2"]
[White "Melamedoff, Gustavo"]
[Black "Cowdrey, Eric"]
[Result "1-0"]
[WhiteElo "2044"]
[BlackElo "1751"]
[PlyCount "65"]
[GameId "2160767911069446"]
[EventDate "2004.09.04"]
[EventType "swiss"]
[EventRounds "6"]
[EventCountry "CAN"]

1. e4 c6 2. d4 d5 3. exd5 cxd5 4. Bd3 Nf6 5. c3 Nc6 6. Bf4 e6 7. Nf3 Bd6 8. Bxd6 Qxd6 9. O-O Bd7 10. Re1 O-O-O 11. b4 h6 12. Ne5 Be8 13. b5 Ne7 14. Nd2 Nd7 15. Rc1 Nxe5 16. dxe5 Qd7 17. a4 Kb8 18. Nb3 Nc8 19. Nd4 f5 20. Qb3 Qe7 21. a5 h5 22. Rb1 g5 23. Nc6+ Bxc6 24. bxc6 b6 25. c4 Qc5 26. cxd5 Qxd5 27. c7+ Kxc7 28. Qc3+ Qc6 29. Qa3 Kb8 30. Be4 Qc7 31. axb6 Nxb6 32. Rec1 Qd7 33. Rxb6+ 1-0

[Event "Abe Yanofsky mem."]
[Site "Winnipeg CAN"]
[Date "2004.09.04"]
[Round "2"]
[White "Milord, Frank"]
[Black "Booth, Kevin"]
[Result "1/2-1/2"]
[WhiteElo "1541"]
[BlackElo "1194"]
[PlyCount "69"]
[GameId "2160767911069447"]
[EventDate "2004.09.04"]
[EventType "swiss"]
[EventRounds "6"]
[EventCountry "CAN"]

1. d4 Nf6 2. c4 e6 3. Nc3 Bb4 4. Qc2 d5 5. e3 O-O 6. a3 Bxc3+ 7. Qxc3 Nbd7 8. Bd3 c5 9. Nf3 cxd4 10. exd4 dxc4 11. Qxc4 Nb6 12. Qc2 Bd7 13. O-O Rc8 14. Qe2 h6 15. Ne5 Nbd5 16. Be3 Bc6 17. Rac1 Nd7 18. Nxc6 bxc6 19. Rc2 N7b6 20. b4 Qd7 21. Rfc1 Ne7 22. Qh5 Qd5 23. Rc5 Qxh5 24. Rxh5 Nbd5 25. Kf1 Nxe3+ 26. fxe3 Nd5 27. Ke2 f5 28. Rh3 Rc7 29. Rf3 Rf6 30. e4 fxe4 31. Bxe4 Rxf3 32. gxf3 a6 33. Rc5 Kf7 34. Bxd5 exd5 35. Ra5 1/2-1/2

[Event "Abe Yanofsky mem."]
[Site "Winnipeg CAN"]
[Date "2004.09.04"]
[Round "2"]
[White "Pierre, Rolland"]
[Black "Prince, Colin"]
[Result "1-0"]
[WhiteElo "1478"]
[BlackElo "1746"]
[PlyCount "77"]
[GameId "2160767911069448"]
[EventDate "2004.09.04"]
[EventType "swiss"]
[EventRounds "6"]
[EventCountry "CAN"]

1. e4 e5 2. Nf3 Nc6 3. Bb5 a6 4. Ba4 Nf6 5. O-O Be7 6. Re1 b5 7. Bb3 O-O 8. c3 d5 9. d3 Bb7 10. Bc2 Rc8 11. Bg5 d4 12. Nbd2 Nd7 13. Bxe7 Qxe7 14. Nb3 a5 15. a4 dxc3 16. bxc3 b4 17. c4 f5 18. exf5 Rxf5 19. d4 Rxf3 20. Qxf3 Rf8 21. Qh3 g6 22. d5 Nd8 23. Rad1 Qf6 24. Re2 Nb6 25. Rd3 e4 26. Rd4 Nxa4 27. Qe3 Nc3 28. Red2 a4 29. Nc5 a3 30. Bb3 Re8 31. Nxe4 Qf5 32. Nf6+ Qxf6 33. Qxe8+ Kg7 34. Qe3 Nf7 35. Rf4 Qd6 36. c5 Qa6 37. Rxb4 a2 38. Qxc3+ Kf8 39. Rxa2 1-0

[Event "Abe Yanofsky mem."]
[Site "Winnipeg CAN"]
[Date "2004.09.04"]
[Round "2"]
[White "Rutter, Blair"]
[Black "Tetrault, Claude"]
[Result "1-0"]
[WhiteElo "1662"]
[BlackElo "1517"]
[PlyCount "85"]
[GameId "2160767911069449"]
[EventDate "2004.09.04"]
[EventType "swiss"]
[EventRounds "6"]
[EventCountry "CAN"]

1. c4 c5 2. g3 Nf6 3. Bg2 Nc6 4. Nc3 e6 5. e4 d6 6. Nge2 Be7 7. O-O O-O 8. d3 e5 9. h3 Bd7 10. f4 Qc8 11. Kh2 Qc7 12. Be3 Rad8 13. Qd2 Rfe8 14. Rf2 Qc8 15. Raf1 b6 16. f5 Kh8 17. Bg5 Rg8 18. Bxf6 Bxf6 19. Nd5 Rdf8 20. g4 Qd8 21. Nxf6 Qxf6 22. g5 Qd8 23. Nc3 Ne7 24. h4 f6 25. Rh1 g6 26. Bh3 Qc8 27. Rhf1 Qe8 28. fxg6 Nxg6 29. Nd5 Bxh3 30. Kxh3 fxg5 31. Rxf8 Rxf8 32. Rxf8+ Qxf8 33. Qxg5 Qf1+ 34. Kg4 Qg1+ 35. Kh5 Qxg5+ 36. Kxg5 Kg7 37. h5 h6+ 38. Kf5 Nf8 39. Ne7 Nd7 40. Ke6 Nf6 41. Nf5+ Kh7 42. Kxf6 a6 43. Nxd6 1-0

[Event "Abe Yanofsky mem."]
[Site "Winnipeg CAN"]
[Date "2004.09.04"]
[Round "2"]
[White "Tang, Edward"]
[Black "Goodman, Clifford"]
[Result "1-0"]
[WhiteElo "1941"]
[BlackElo "1322"]
[PlyCount "43"]
[GameId "2160767911069451"]
[EventDate "2004.09.04"]
[EventType "swiss"]
[EventRounds "6"]
[EventCountry "CAN"]

1. e4 c5 2. Nf3 d6 3. d4 cxd4 4. Nxd4 Nf6 5. Nc3 g6 6. Be3 Bg7 7. f3 O-O 8. Qd2 Nc6 9. O-O-O Qa5 10. Nb3 Qd8 11. h4 h5 12. g4 hxg4 13. h5 Nxh5 14. Bh6 gxf3 15. Rxh5 Bxh6 16. Qxh6 gxh5 17. Qg5+ Kh7 18. Qxh5+ Kg7 19. Qg5+ Kh7 20. Rd2 Bh3 21. Rh2 Qd7 22. Bxh3 1-0

[Event "Abe Yanofsky mem."]
[Site "Winnipeg CAN"]
[Date "2004.09.04"]
[Round "2"]
[White "Vincent, Trevor"]
[Black "Tyomkin, Dimitri"]
[Result "1/2-1/2"]
[WhiteElo "2023"]
[BlackElo "2553"]
[PlyCount "72"]
[GameId "2160767911069452"]
[EventDate "2004.09.04"]
[EventType "swiss"]
[EventRounds "6"]
[EventCountry "CAN"]

1. c4 e5 2. g3 Nf6 3. Bg2 c6 4. d4 Bb4+ 5. Bd2 Bxd2+ 6. Qxd2 d6 7. e3 O-O 8. Ne2 Be6 9. b3 Qc8 10. O-O Bh3 11. Nbc3 Re8 12. e4 Bxg2 13. Kxg2 Nbd7 14. f3 Qc7 15. Rac1 Rad8 16. Nd1 Qb8 17. d5 Qc7 18. Ne3 Kh8 19. Rfd1 Nf8 20. Qc3 c5 21. Qd2 Ng6 22. Rb1 Ne7 23. Nc1 Nd7 24. Nd3 Rf8 25. Rf1 Rde8 26. Rbe1 a6 27. a4 Qd8 28. Qc3 Kg8 29. b4 cxb4 30. Qxb4 Qc7 31. f4 f6 32. a5 Rb8 33. c5 Nxc5 34. Nxc5 dxc5 35. Qb3 Kh8 36. Nc4 Ng8 1/2-1/2

[Event "Abe Yanofsky mem."]
[Site "Winnipeg CAN"]
[Date "2004.09.04"]
[Round "2"]
[White "Zaczek, Jonathon"]
[Black "Schulz, Waldemar"]
[Result "1-0"]
[WhiteElo "1891"]
[BlackElo "2122"]
[PlyCount "47"]
[GameId "2160767911069453"]
[EventDate "2004.09.04"]
[EventType "swiss"]
[EventRounds "6"]
[EventCountry "CAN"]

1. e4 c5 2. Nf3 e6 3. d4 cxd4 4. Nxd4 Nf6 5. Nc3 d6 6. Bc4 Qc7 7. Bb3 a6 8. O-O Nc6 9. Be3 Bd7 10. f4 Na5 11. Qf3 Nxb3 12. axb3 Rc8 13. Rf2 Bc6 14. f5 e5 15. Nxc6 Qxc6 16. Bg5 Be7 17. Bxf6 Bxf6 18. Nd5 Kd7 19. Rd1 Rcf8 20. Rd3 Bd8 21. Rc3 Qb5 22. f6 g6 23. Qg4+ Ke8 24. Nc7+ 1-0

[Event "Abe Yanofsky mem."]
[Site "Winnipeg CAN"]
[Date "2004.09.05"]
[Round "3"]
[White "Booth, Kevin"]
[Black "Gannon, Keith"]
[Result "1-0"]
[WhiteElo "1194"]
[BlackElo "1580"]
[PlyCount "95"]
[GameId "2160767911069454"]
[EventDate "2004.09.04"]
[EventType "swiss"]
[EventRounds "6"]
[EventCountry "CAN"]

1. d4 d5 2. c4 e6 3. Nc3 Nf6 4. g3 Be7 5. cxd5 exd5 6. Bg2 c6 7. Nf3 O-O 8. O-O Re8 9. Bg5 Be6 10. Re1 Nbd7 11. Nd2 Qc7 12. e4 dxe4 13. Bxf6 Nxf6 14. Ndxe4 Nxe4 15. Bxe4 Rac8 16. Qd3 g6 17. h4 Bb4 18. h5 Bf5 19. hxg6 fxg6 20. Qc4+ Kh8 21. Qxb4 Qg7 22. d5 cxd5 23. Bxd5 Rxe1+ 24. Rxe1 Rd8 25. Qxb7 Qh6 26. Qe7 Rf8 27. Qe5+ Qg7 28. Qxg7+ Kxg7 29. Re7+ Kh6 30. Rxa7 Rb8 31. Rb7 Re8 32. Kg2 Re5 33. a4 Rxd5 34. Nxd5 Be4+ 35. Kg1 Bxd5 36. Rd7 Bc6 37. Rd4 Kg5 38. a5 Kf5 39. a6 Ke5 40. Rd2 Ke6 41. a7 Ke7 42. b4 h5 43. b5 Bb7 44. b6 g5 45. Rc2 Kd6 46. Rc7 Bf3 47. b7 Kxc7 48. b8=Q+ 1-0

[Event "Abe Yanofsky mem."]
[Site "Winnipeg CAN"]
[Date "2004.09.05"]
[Round "3"]
[White "Boron, Anthony"]
[Black "Tang, Edward"]
[Result "1/2-1/2"]
[WhiteElo "1984"]
[BlackElo "1941"]
[PlyCount "70"]
[GameId "2160767911069455"]
[EventDate "2004.09.04"]
[EventType "swiss"]
[EventRounds "6"]
[EventCountry "CAN"]

1. e4 c5 2. Nc3 Nc6 3. f4 g6 4. Nf3 Bg7 5. Bb5 Nd4 6. O-O Nxb5 7. Nxb5 Nf6 8. d3 O-O 9. c4 a6 10. Nc3 b5 11. cxb5 d5 12. e5 Ne8 13. d4 axb5 14. dxc5 Nc7 15. b4 Bg4 16. h3 Bxf3 17. Rxf3 f6 18. exf6 Bxf6 19. Bb2 Qd7 20. Rb1 Qc6 21. a3 d4 22. Ne2 Qe4 23. Bxd4 Bxd4+ 24. Nxd4 Rfd8 25. Qb3+ e6 26. Nc2 Rd2 27. Ne1 Rad8 28. Rc1 Re2 29. Nd3 Re3 30. Rd1 Rxf3 31. gxf3 Qxf3 32. Qc2 Qg3+ 33. Kf1 Qxh3+ 34. Qg2 Qe3 35. Qe2 Qh3+ 1/2-1/2

[Event "Abe Yanofsky mem."]
[Site "Winnipeg CAN"]
[Date "2004.09.05"]
[Round "3"]
[White "Clark, Robert"]
[Black "Anderson, George"]
[Result "1-0"]
[WhiteElo "1583"]
[BlackElo "1466"]
[PlyCount "43"]
[GameId "2160767911069456"]
[EventDate "2004.09.04"]
[EventType "swiss"]
[EventRounds "6"]
[EventCountry "CAN"]

1. d4 e6 2. c4 g6 3. Nc3 Bg7 4. e4 Bh6 5. Nf3 d6 6. Bxh6 Nxh6 7. h3 f5 8. e5 O-O 9. Qd2 Nf7 10. O-O-O Nc6 11. exd6 cxd6 12. g4 e5 13. dxe5 dxe5 14. Qe3 Qb6 15. c5 Qb4 16. Nd5 Qa5 17. gxf5 Bxf5 18. a3 Rad8 19. Bc4 Rd7 20. Nf6+ Kg7 21. Nxe5 Rxd1+ 22. Rxd1 1-0

[Event "Abe Yanofsky mem."]
[Site "Winnipeg CAN"]
[Date "2004.09.05"]
[Round "3"]
[White "Cleto, Sam"]
[Black "Vincent, Trevor"]
[Result "0-1"]
[WhiteElo "1873"]
[BlackElo "2023"]
[PlyCount "29"]
[GameId "2160767911069457"]
[EventDate "2004.09.04"]
[EventType "swiss"]
[EventRounds "6"]
[EventCountry "CAN"]

1. d4 f5 2. g3 Nf6 3. Bg2 g6 4. Bg5 Bg7 5. Nf3 O-O 6. O-O d6 7. c4 Ne4 8. Bc1 Qe8 9. Nc3 Nxc3 10. bxc3 e5 11. dxe5 dxe5 12. Ng5 h6 13. h4 c6 14. Ba3 hxg5 15. hxg5 0-1

[Event "Abe Yanofsky mem."]
[Site "Winnipeg CAN"]
[Date "2004.09.05"]
[Round "3"]
[White "Costales, Servillano"]
[Black "Lauritson, Jim"]
[Result "1-0"]
[WhiteElo "1661"]
[BlackElo "1932"]
[PlyCount "119"]
[GameId "2160767911069458"]
[EventDate "2004.09.04"]
[EventType "swiss"]
[EventRounds "6"]
[EventCountry "CAN"]

1. e4 c5 2. c4 Nc6 3. Nc3 e6 4. Nf3 d6 5. Be2 Nf6 6. d3 Be7 7. O-O O-O 8. h3 a6 9. d4 cxd4 10. Nxd4 Qc7 11. Be3 b6 12. a3 Bb7 13. Nf3 Na5 14. Nd2 Rac8 15. b3 Rfd8 16. Na4 Nd7 17. Rc1 Nc6 18. f4 Nc5 19. b4 Nxa4 20. Qxa4 Bf6 21. Nf3 Nb8 22. Bd3 Nd7 23. Qb3 Qb8 24. Qb1 g6 25. Nh2 Bg7 26. Nf3 Ba8 27. Bd4 Qb7 28. Bxg7 Kxg7 29. Kh2 Kg8 30. Qb2 Qb8 31. Nh4 Bb7 32. Qe2 Nf6 33. Kg1 Qa8 34. Rce1 a5 35. b5 Nd7 36. f5 Nc5 37. fxg6 hxg6 38. Bc2 Qb8 39. Qg4 Qc7 40. Rf2 e5 41. Ref1 Rf8 42. Rd1 Rcd8 43. Rf6 Qd7 44. Qe2 Qe7 45. Rdf1 Ne6 46. g3 Nf4 47. R6xf4 exf4 48. Rxf4 Qe5 49. Qd3 g5 50. Rg4 Bc8 51. Nf5 Bxf5 52. Rxg5+ Kh8 53. Rxf5 Qg7 54. e5 dxe5 55. Rh5+ Kg8 56. Qe3 f6 57. Kh2 Rfe8 58. c5 bxc5 59. Rh7 Qg5 60. Qb3+ 1-0

[Event "Abe Yanofsky mem."]
[Site "Winnipeg CAN"]
[Date "2004.09.05"]
[Round "3"]
[White "Cowdrey, Eric"]
[Black "Pierre, Rolland"]
[Result "1/2-1/2"]
[WhiteElo "1751"]
[BlackElo "1478"]
[PlyCount "73"]
[GameId "2160767911069459"]
[EventDate "2004.09.04"]
[EventType "swiss"]
[EventRounds "6"]
[EventCountry "CAN"]

1. d4 Nf6 2. c4 e6 3. Nf3 d5 4. Nc3 c5 5. cxd5 exd5 6. dxc5 Bxc5 7. Bg5 d4 8. Bxf6 Qxf6 9. Ne4 Bb4+ 10. Ned2 O-O 11. a3 Ba5 12. b4 Bb6 13. Nc4 Rd8 14. Nxb6 axb6 15. g3 Bf5 16. Bg2 d3 17. O-O Nc6 18. e3 Rd6 19. Nd2 Qe6 20. Re1 Rad8 21. Rc1 b5 22. Rc3 b6 23. Rxc6 Rxc6 24. Bxc6 Qxc6 25. Qc1 Qa8 26. e4 Bh3 27. Qc3 Rd7 28. Rc1 Rd8 29. Qb2 Rc8 30. f3 Be6 31. Kf2 Rxc1 32. Qxc1 Qa4 33. Ke3 Qc2 34. Qa1 Qc7 35. Kxd3 Bc4+ 36. Ke3 Qd6 37. Qd4 1/2-1/2

[Event "Abe Yanofsky mem."]
[Site "Winnipeg CAN"]
[Date "2004.09.05"]
[Round "3"]
[White "Geley, Shawn"]
[Black "Lafreniere, Adrian"]
[Result "1/2-1/2"]
[WhiteElo "1506"]
[BlackElo "1782"]
[PlyCount "76"]
[GameId "2160767911069460"]
[EventDate "2004.09.04"]
[EventType "swiss"]
[EventRounds "6"]
[EventCountry "CAN"]

1. e4 e6 2. d4 d5 3. e5 c5 4. c3 c4 5. Nf3 Bd7 6. Be2 Nc6 7. O-O h6 8. Be3 Nge7 9. Nbd2 Nf5 10. Qc2 Be7 11. h3 Nxe3 12. fxe3 Bg5 13. e4 Qe7 14. b3 b5 15. a4 cxb3 16. Nxb3 bxa4 17. Nc5 O-O 18. Nxg5 hxg5 19. Bg4 Nxe5 20. Nxd7 Nxd7 21. exd5 exd5 22. Bxd7 Qxd7 23. Rxa4 Rfc8 24. Raa1 Rc7 25. Qd3 Rac8 26. Rac1 a5 27. Qg3 f6 28. Rf3 Rc4 29. Ra1 a4 30. Re3 Qc6 31. Ra3 Qb6 32. Qe1 Qb2 33. Re8+ Kh7 34. Rxc8 Qxa3 35. Rb8 Rxc3 36. Rh8+ Kg6 37. Qe8+ Kf5 38. Qd7+ Kg6 1/2-1/2

[Event "Abe Yanofsky mem."]
[Site "Winnipeg CAN"]
[Date "2004.09.05"]
[Round "3"]
[White "Goodman, Clifford"]
[Black "Klokow, John"]
[Result "0-1"]
[WhiteElo "1322"]
[BlackElo "1732"]
[PlyCount "32"]
[GameId "2160767911069461"]
[EventDate "2004.09.04"]
[EventType "swiss"]
[EventRounds "6"]
[EventCountry "CAN"]

1. e4 e5 2. Nf3 Nc6 3. Bc4 Nf6 4. Ng5 Bc5 5. Nxf7 Bxf2+ 6. Kf1 Qe7 7. Nxh8 d5 8. Bb5 Bg4 9. Be2 Bxe2+ 10. Qxe2 Bh4 11. exd5 Nd4 12. Qc4 Qf8 13. g3 Ne4+ 14. Kg2 Qf3+ 15. Kh3 Nf2+ 16. Kxh4 Qg4# 0-1

[Event "Abe Yanofsky mem."]
[Site "Winnipeg CAN"]
[Date "2004.09.05"]
[Round "3"]
[White "Hughey, Micah"]
[Black "Spraggett, Kevin"]
[Result "0-1"]
[WhiteElo "2067"]
[BlackElo "2584"]
[PlyCount "70"]
[GameId "2160767911069462"]
[EventDate "2004.09.04"]
[EventType "swiss"]
[EventRounds "6"]
[EventCountry "CAN"]
[SourceTitle "CBM 102 Extra"]
[Source "ChessBase"]
[SourceDate "2004.11.03"]
[SourceVersion "1"]
[SourceVersionDate "2004.11.03"]
[SourceQuality "1"]

1. d4 f5 2. e4 fxe4 3. Nc3 Nf6 4. Bg5 Nc6 5. d5 Ne5 6. Qe2 c6 7. O-O-O cxd5 8. Nxd5 e6 9. Nc3 Nf7 10. Bxf6 gxf6 11. Qxe4 f5 12. Qa4 Bh6+ 13. Kb1 O-O 14. g4 f4 15. h4 Ne5 16. Nh3 d5 17. g5 Bg7 18. Nxf4 Bd7 19. Bb5 Bxb5 20. Nxb5 Qe8 21. Nh3 a6 22. Nc3 b5 23. Qb4 Nc4 24. Rd3 a5 25. Qxb5 Na3+ 26. bxa3 Rb8 27. a4 Qc6 28. Kc1 Rxb5 29. axb5 Qc4 30. Kd2 Rc8 31. Ne2 Qxc2+ 32. Ke3 d4+ 33. Nxd4 Bxd4+ 34. Rxd4 Rc3+ 35. Kf4 Qf5# 0-1

[Event "Abe Yanofsky mem."]
[Site "Winnipeg CAN"]
[Date "2004.09.05"]
[Round "3"]
[White "Jarmasz, Mark"]
[Black "Lipnowski, Samuel"]
[Result "1/2-1/2"]
[WhiteElo "1915"]
[BlackElo "2126"]
[PlyCount "50"]
[GameId "2160767911069463"]
[EventDate "2004.09.04"]
[EventType "swiss"]
[EventRounds "6"]
[EventCountry "CAN"]

1. e4 c5 2. Nf3 e6 3. d4 cxd4 4. Nxd4 a6 5. Be2 Nf6 6. Bf3 Be7 7. O-O d6 8. c4 O-O 9. Nc3 Nbd7 10. Be3 Ne5 11. Be2 Qc7 12. Rc1 Re8 13. b3 b6 14. f4 Ned7 15. Bf3 Bb7 16. g4 Nc5 17. Qc2 d5 18. cxd5 exd5 19. e5 Nfe4 20. Nxd5 Bxd5 21. Bxe4 Bxe4 22. Qxe4 Qd7 23. Qf3 Rac8 24. Rfd1 Bf8 25. Nf5 Qb5 1/2-1/2

[Event "Abe Yanofsky mem."]
[Site "Winnipeg CAN"]
[Date "2004.09.05"]
[Round "3"]
[White "Liebzeit, Mick"]
[Black "Fastershank, Anthony"]
[Result "1-0"]
[WhiteElo "1353"]
[BlackElo "1172"]
[PlyCount "49"]
[GameId "2160767911069466"]
[EventDate "2004.09.04"]
[EventType "swiss"]
[EventRounds "6"]
[EventCountry "CAN"]

1. e4 e6 2. d4 d5 3. exd5 Qxd5 4. c4 Bb4+ 5. Nc3 Bxc3+ 6. bxc3 Qd7 7. Nf3 Nf6 8. Bd3 O-O 9. Bg5 Ne8 10. O-O b6 11. Qe2 Bb7 12. Ne5 Qc8 13. Be7 f6 14. Bxf8 Kxf8 15. Ng4 Kg8 16. f4 Nc6 17. f5 Nd8 18. Rae1 Kf8 19. fxe6 Ke7 20. d5 a5 21. Bxh7 Ba6 22. Ne3 Kf8 23. e7+ Kxe7 24. Nf5+ Kf8 25. Qe7# 1-0

[Event "Abe Yanofsky mem."]
[Site "Winnipeg CAN"]
[Date "2004.09.05"]
[Round "3"]
[White "MacPherson, Al"]
[Black "Hinds, Ronald"]
[Result "1/2-1/2"]
[WhiteElo "1654"]
[BlackElo "1953"]
[PlyCount "65"]
[GameId "2160767911069467"]
[EventDate "2004.09.04"]
[EventType "swiss"]
[EventRounds "6"]
[EventCountry "CAN"]

1. d4 Nf6 2. c4 g6 3. Nc3 d5 4. cxd5 Nxd5 5. e4 Nxc3 6. bxc3 Bg7 7. Nf3 c5 8. Be3 Qa5 9. Qb3 O-O 10. Be2 cxd4 11. Nxd4 Nd7 12. O-O Nc5 13. Qc2 a6 14. Rfc1 Qc7 15. a4 Bd7 16. a5 Rac8 17. Ra3 Kh8 18. c4 Qe5 19. f3 h5 20. Qd2 Qc7 21. Nb3 Nxb3 22. Rxb3 Bc6 23. Bb6 Qe5 24. Rd3 Kh7 25. Bd4 Qe6 26. Bxg7 Kxg7 27. Rd4 Rc7 28. Qc3 Kh7 29. Rb1 Rfc8 30. Rb6 Qe5 31. Qd2 Qc5 32. Kf1 Qe5 33. Kg1 1/2-1/2